Cultura generale ITA #11 - Statistics

General Stats
  • This quiz has been taken 640 times
    489 since last reset
  • The average score is 9 of 20
Answer Stats
Hint Answer % Correct
È famoso per aver inventato un ancor più famoso cubo Ernö Rubik
88%
Città in cui si trova l'università più antica d'Italia, fondata nel 1088 (secondo la molte fonti) Bologna
87%
Gioco da tavolo basato sulla formazione di parole Scarabeo
86%
Edificio più alto del mondo, situato a Dubai, alto 828 metri Burj Khalifa
78%
È stato ucciso da Gavrilo Princip a Sarajevo Francesco Ferdinando
72%
Pianeta del sistema solare scoperto da William Herschel nel 1781 Urano
63%
Secondo Dante si trova nell'inferno e mastica i peggiori traditori della storia Lucifero
62%
Appellativo con cui gli antichi greci indicavano gli stranieri, o più in generale chi parlava una lingua che non capivano Barbari
60%
Un linguaggio di programmazione, oppure (in inglese) un isola dell'Indonesia Java
49%
Scritta da Denis Diderot e Jean-Baptiste d'Alembert nel diciottesimo secolo, è stata uno dei prodotti del movimento Illuminista Encyclopédie
40%
Elemento chimico con simbolo W Tungsteno
38%
Protagonista della serie di videogiochi The Legend of Zelda Link
37%
Stretto di mare che collega il mar di Marmara all'Egeo Stretto dei Dardanelli
33%
Massiccio oggetto metallico utilizzato nella fucinatura Incudine
32%
Il soprannome del bosone di Higgs, particella rilevata per la prima volta nel 2012 Particella di Dio
24%
Struttura di cui Luca Parmitano è stato il primo italiano al comando Stazione Spaziale Internazionale
22%
Costellazione di cui fanno parte le stelle Rigel e Betelgeuse Orione
21%
Rete ferroviaria giapponese di treni ad alta velocità, in italiano spesso confusa con il nome del tipo di treno Shinkansen
16%
È eternamente innamorata del papero più ricco del mondo Brigitta McBridge
13%
Il composto prodotto tramite il processo Haber-Bosch Ammoniaca
6%
No matching quizzes found
Score Distribution
Percent of People with Each Score
Percentile by Number Answered
Your Score History
You have not taken this quiz since the last reset